000
00352nam a2200169Ia 4500
100
_a
Dabney/James B
650
_a
Simulink
942
_c
RB
366
_f
20
654
_a
simulink
245
_a
Mastering Simulink
260
_b
Pearson Education
_a
Mumbai
_c
2004
082
_a
003.85/DAB
_b
DAB
300
_a
376
546
_a
ENGLISH
999
_c
34208
_d
34208